Normal view
MARC view
- Preparation AL Zeubi,Tamadour, Fahad Abdullah Hasan؛ supervisor Mahmoud AL-Sobh, Co Supervisor Raed Qassas
Entry Personal Name
001 - CONTROL NUMBER
- control field: 5796
003 - CONTROL NUMBER IDENTIFIER
- control field: JO-AjAnu
005 - DATE AND TIME OF LATEST TRANSACTION
- control field: 20230606071236.0
008 - FIXED-LENGTH DATA ELEMENTS
- fixed length control field: 230606|| aca||aabn | a|a d
040 ## - CATALOGING SOURCE
- Original cataloging agency: JO-AjAnu
- Transcribing agency: JO-AjAnu
100 ## - HEADING--PERSONAL NAME
- Personal name: Preparation AL Zeubi,Tamadour, Fahad Abdullah Hasan؛ supervisor Mahmoud AL-Sobh, Co Supervisor Raed Qassas
670 ## - SOURCE DATA FOUND
- Source citation: Work cat.: (JO-AjAnu)3004: Preparation AL Zeubi,Tamadour, Fahad Abdullah Hasan؛ supervisor Mahmoud AL-Sobh, Co Supervisor Raed Qassas, author, Class Conflict in Jane Austen،s Pride and P Rejudice: A Feminist Reading